Traumreden : gedichte /

Bibliographic Details
Main Author: Schutting, Julian, 1937-
Format: Book
Language:German
Published: Salzburg : Residenz Verlag, [1987]

MARC

Tag First Indicator Second Indicator Subfields
LEADER 00000cam a2200000 a 4500
001 in00000015907
005 20151007052629.0
008 871218s1987 au 00010 ger d
020 |a 3701705089 
035 |a (OCoLC)17256070 
035 |9 AAA8588AM 
040 |a AZU  |c AZU  |d TXA  |d UtOrBLW 
049 |a TXAM  |c [A10941433] 
050 4 |a PT2680.U88  |b T7 1987 
100 1 |a Schutting, Julian,  |d 1937- 
245 1 0 |a Traumreden :  |b gedichte /  |c Jutta Schutting. 
264 1 |a Salzburg :  |b Residenz Verlag,  |c [1987] 
264 4 |c ©1987 
300 |a 134 pages ;  |c 21 cm. 
336 |a text  |b txt  |2 rdacontent 
337 |a unmediated  |b n  |2 rdamedia 
338 |a volume  |b nc  |2 rdacarrier 
999 |a MARS 
999 f f |s 4ce06894-3ee6-38f9-a1be-9f0bb58fcb2c  |i cc3b4a26-c99a-3c24-bce2-6b82d234d2a7  |t 0 
952 f f |p ric  |a Texas A&M University  |b Rellis Campus  |c Joint Library Facility  |d Remote Storage  |t 0  |e PT2680.U88 T7 1987  |h Library of Congress classification  |i unmediated -- volume  |m A14810941433 
998 f f |a PT2680.U88 T7 1987  |t 0  |l Remote Storage